000 01055cab a2200277 4500
001 ABS53306
008 090401t1995 xxu||||| |||| 00| 0 eng d
035 _a(Sirsi) u3417
041 _aeng
100 _aDavis, A.
245 _aNew principles thrown up by wave of recent cases
260 _c1995
350 _a0
490 _aProperty Week
_v51(13) 29 June 1995, 30(1)
520 _aExamines recent negligent valuation Cases "Banque Bruxelles Lambert SA v Eagle Star Insurance Co Ltd" (Abs52613), "Mortgage Funding Corporation v Conway" (WB3113-47), "Scotlife Home Loans (No 2) v Kenneth Jones & Co" (WB3116-114), "Assured Advances Ltd v Ashbee & Co" (WB3042-66) and "First National Commercial Bank v Humberts" (Abs52790).
650 _aCONTRIBUTORY NEGLIGENCE
650 _aFALLING MARKET
650 _aMARGIN OF ERROR
650 _aMORTGAGE VALUATIONS
650 _aNEGLIGENCE
650 _aOVERVALUATION
650 _aVALUERS
690 _aMANAGEMENT-BUSINESS MANAGEMENT-PROFESSIONAL PRACTICE
942 _n0
948 _c04/03/1997
999 _c2097
_d2097